000 00621nam a2200229Ia 4500
003 OSt
005 20221006164952.0
006 a|||||r|||| 00| 0
007 ta
008 221006b |||||||| |||| 00| 0 eng d
024 _a2,280
037 _cTextual
040 _aFML
_cFML
_beng
041 _2eng
_aeng
082 _aR5, L4 -; 1
100 _aRao G Hanumantha Au.
_9678789
245 0 _aComparitive Aesthetics
_b Eastern and Western
260 _aMaysore
_bD V K Murty
_c1974
300 _a261
_ccm.
942 _hR5, L4 -; 1
_cTEXL
_2CC
999 _c1119113
_d1119113